| 000 | 00884pam a2200241 i 4500 | ||
|---|---|---|---|
| 999 |
_c6754 _d6754 |
||
| 001 | 3683537 | ||
| 003 | GBCCL | ||
| 005 | 20241126110610.0 | ||
| 008 | 781219s1979 mou 000 0 eng | ||
| 010 | _a 78031390 | ||
| 020 | _a0570032776 | ||
| 040 |
_aDLC _cDLC _dDLC |
||
| 050 | 1 | 0 |
_aBS491 _b.R53 |
| 082 | 0 | 0 |
_a220.7 _bROE |
| 100 | 1 |
_aRoehrs, Walter Robert, _d1901- _912078 |
|
| 245 | 1 | 0 |
_aConcordia self-study commentary / _cOld Testament introd., notes, and references by Walter R. Roehrs ; New Testament introd., notes, and references and Minor Prophets notes and references by Martin H. Franzmann. |
| 260 |
_aSaint Louis : _bConcordia Pub. House, _cc1979. |
||
| 300 |
_a661, 302, [12] p. ; _c27 cm. |
||
| 630 | 0 |
_aBible _xCommentaries. _91243 |
|
| 700 | 1 |
_aFranzmann, Martin H., _ejoint author. _912079 |
|
| 906 |
_a7 _bcbc _corignew _d1 _eocip _f19 _gy-gencatlg |
||
| 942 |
_2ddc _cREF |
||